Credit Co-operatives in Slovakia

Vývojové štádia spolupráce úverových družstiev. Aktuálna situácia na Slovensku podľa Obchodného zákonníka. Organizačná štruktúra a výkonné orgány úverových družstiev.

Uložené v:
Podrobná bibliografia
Hlavný autor: Šúbertová, Elena
Médium: Kapitola
Jazyk:English
Predmet:
Tagy: Pridať tag
Žiadne tagy, Buďte prvý, kto otaguje tento záznam!

MARC

LEADER 00000naa$a2200000$$$4500
001 0221644
005 20240527074956.5
041 0 |a eng 
044 |a CH 
245 1 0 |a Credit Co-operatives in Slovakia  |c Elena Šúbertová 
520 |a Vývojové štádia spolupráce úverových družstiev. Aktuálna situácia na Slovensku podľa Obchodného zákonníka. Organizačná štruktúra a výkonné orgány úverových družstiev. 
610 2 0 |a družstvá úverové 
610 2 0 |a transformácia 
610 2 0 |a vývoj 
610 2 0 |a štruktúra organizačná 
100 1 |a Šúbertová, Elena